Bevor ein Kind geboren wird / (Titelsatznr. 370913)
[ MARC ]
| 000 -Satzkennung | |
|---|---|
| Kontrollfeld mit fester Länge | 00447nam a22001577a 4500 |
| 008 - Feld mit fester Länge zur physischen Beschreibung - Allgemeine Angaben | |
| Kontrollfeld mit fester Länge | 211008b ||||| |||| 00| 0 eng d |
| 040 ## - Katalogisierungsquelle | |
| Original-Katalogisierungsstelle | DE-2950 |
| Übertragungsstelle | DE-2950 |
| 041 ## - Sprachcode | |
| Sprachcode des Textes/der Tonspur oder des separaten Titels | grc |
| 100 ## - Haupteintragung - Personenname | |
| Personenname | Brückner, Heinrich: |
| 245 ## - Titel | |
| Titel | Bevor ein Kind geboren wird / |
| Verfasserangabe etc. | Heinrich Brückner |
| 260 ## - Publikation, Vertrieb usw. (Erscheinungsvermerk) | |
| Date of publication, distribution, etc | [1979] |
| 300 ## - Physische Beschreibung | |
| Umfang | 75 S.: Illustrationen. - |
| Andere physische Details | Text in griechischer Sprache. |
| 546 ## - Sprache | |
| Sprache | Text griechisch |
| 653 ## - Indexierungsterm - Nicht normiert | |
| Nicht-normierter Term | Sexualerziehung |
| 942 ## - Zusätzliche Felder (Koha) | |
| Klassifikation oder Aufstellungssystematik | Andere/Generische Klassifikation |
| Koha-Medientyp | Bücher |
| Ausgeschieden | Verloren | Klassifikation oder Aufstellungssystematik | Beschädigt | Nicht entleihbar | Permanenter Standort | Aktueller Standort | Aufstellungsort | Erwerbungsdatum | Anzahl Ausleihen | Signatur | Letzte Aktivität | Exemplarnummer | Preis gültig von | Medientyp | Allgemeine Bemerkungen |
|---|---|---|---|---|---|---|---|---|---|---|---|---|---|---|---|
| Andere/Generische Klassifikation | Stadtarchiv Frankfurt (Oder) | Archivbibliothek | Stadtarchiv Frankfurt (Oder) | Archivbibliothek | Magazin | 08/10/2021 | II: 4967 | 08/10/2021 | 175/2020 | 08/10/2021 | Bücher | Vorlass Brückner |